• 首页
  • 本馆介绍
  • 公告通知
  • 最新文献
  • 馆藏检索
  • 电子资源
  • 读者导购
  • 参考咨询
  • 我的图书馆
  • 登录
  • 详细信息显示
  • 放入我的书架
  • 预约/预借图书
  • 作者相关作品
  • 分类相关作品
  • 丛书相关作品
  • 出版社相关作品

书目信息

  • 表格格式
  • 工作单格式
  • 卡片格式
题名:
青花瓷鉴藏全书
    
 
作者: 陈士龙 编著
分册:  
出版信息: 北京   中央编译出版社  2017
页数: 216页
开本: 24cm
丛书名:
单 册:
中图分类: G262.4 , K876.34
科图分类:
主题词: 青花瓷(考古)--qing hua ci (kao gu )--收藏--鉴赏--中国
电子资源:
ISBN: 978-7-5117-3157-9
000 00813nam0 22002411 450
001 1761153637
005 20170619172044.0
010    @a978-7-5117-3157-9@b精装@dCNY79.00
100    @a20170504d2017 em y0chiy50 ea
101 0  @achi
102    @aCN@b110000
105    @aa z 000yy
106    @ar
200 1  @a青花瓷鉴藏全书@9qing hua ci jian cang quan shu@f陈士龙编著
210    @a北京@c中央编译出版社@d2017
215    @a216页@c彩照@d24cm
330    @a本书以介绍青花瓷专题的形式图文并茂,详细阐述了青花瓷的起源和发展历程、青花瓷的种类和特征、收藏技巧、鉴别要点、保养技巧等。
606 0  @a青花瓷(考古)@9qing hua ci (kao gu )@x收藏@x鉴赏@y中国
690    @aG262.4@v5
690    @aK876.34@v5
701  0 @a陈士龙@9chen shi long@4编著
801  0 @aCN@b百万庄@c20170619
905    @b1014975-80@dG262.4@e17@f6
    
    青花瓷鉴藏全书/陈士龙编著.-北京:中央编译出版社,2017
    216页:彩照;24cm
    
    
    ISBN 978-7-5117-3157-9(精装):CNY79.00
    本书以介绍青花瓷专题的形式图文并茂,详细阐述了青花瓷的起源和发展历程、青花瓷的种类和特征、收藏技巧、鉴别要点、保养技巧等。
●
相关链接 在E读中查询图书 在五车中查询图书 在当当中查询图书 在豆瓣中查询图书


正题名:青花瓷鉴藏全书     索取号:G262.4/17         预约/预借

序号 登录号 条形码 馆藏地/架位号 状态 备注
1 1014975   210149757   第一样本阅览室/ [索取号:G262.4/17] 在馆    
2 1014976   210149766   教育系资料室/ [索取号:G262.4/17] 在馆    
3 1014977   210149775   教育系资料室/ [索取号:G262.4/17] 在馆    
4 1014978   210149784   教育系资料室/ [索取号:G262.4/17] 在馆    
5 1014979   210149793   第四借阅区/ [索取号:G262.4/17] 在馆    
6 1014980   210149800   第四借阅区/ [索取号:G262.4/17] 在馆    
唐山师范学院图书馆 欢迎您!
大连网信软件有限公司© 版权所有